Reaction kinetics for chemical engineers (Record no. 12493)

000 -LEADER
fixed length control field 00585nam a22002051 4500
001 - CONTROL NUMBER
control field 12493
003 - CONTROL NUMBER IDENTIFIER
control field BD-DhUET
008 - FIXED-LENGTH DATA ELEMENTS--GENERAL INFORMATION
fixed length control field 720413s1959 nyua b 000 0 eng
040 ## - CATALOGING SOURCE
Original cataloging agency DLC
Transcribing agency DLC
Modifying agency BD-DhUET
082 ## - DEWEY DECIMAL CLASSIFICATION NUMBER
Classification number 660.2994
Item number WAL/1959
100 1# - MAIN ENTRY--PERSONAL NAME
Personal name Walas, Stanley M.
245 10 - TITLE STATEMENT
Title Reaction kinetics for chemical engineers
250 ## - EDITION STATEMENT
Edition statement 1st ed.
260 ## - PUBLICATION, DISTRIBUTION, ETC. (IMPRINT)
Place of publication, distribution, etc. New York
Name of publisher, distributor, etc. McGraw-Hill
Date of publication, distribution, etc. 1959
300 ## - PHYSICAL DESCRIPTION
Extent 338 p.
Other physical details ill.
490 ## - SERIES STATEMENT
Series statement McGraw - Hill chemical engineering series
504 ## - BIBLIOGRAPHY, ETC. NOTE
Bibliography, etc Includes bibliographies
650 #0 - SUBJECT ADDED ENTRY--TOPICAL TERM
Topical term or geographic name as entry element Kinetics : Reactions : Chemical Engineering
942 ## - ADDED ENTRY ELEMENTS (KOHA)
Koha item type General Book
Holdings
Source of classification or shelving scheme Damaged status Not for loan Koha full call number Shelving location Price effective from Location (home branch) Piece designation (barcode) Koha item type Withdrawn status Koha date last seen Sublocation or collection (holding branch) Koha normalized classification for sorting Copy number Lost status Date acquired
   660.2994/WAL/1959Circulation section2015-02-26Central Library, BUET26073General Book 2015-02-26Central Library, BUET660_299400000000000_WAL_19591 2015-02-26
   660.2994/WAL/1959Circulation section2015-03-01Central Library, BUET29882General Book 2015-03-01Central Library, BUET660_299400000000000_WAL_19592 2015-03-01
   660.2994/WAL/1959Circulation section2015-03-31Central Library, BUET29878General Book 2015-03-31Central Library, BUET660_299400000000000_WAL_19593 2015-03-31
   660.2994/WAL/1959Circulation section2015-03-31Central Library, BUET29875General Book 2015-03-31Central Library, BUET660_299400000000000_WAL_19594 2015-03-31
   660.2994/WAL/1959Circulation section2015-03-31Central Library, BUET25893General Book 2015-03-31Central Library, BUET660_299400000000000_WAL_19595 2015-03-31
   660.2994/WAL/1959Circulation section2015-04-04Central Library, BUET2114General Book 2015-04-04Central Library, BUET660_299400000000000_WAL_19596 2015-04-04
   660.2994/WAL/1959Circulation section2015-04-07Central Library, BUET29874General Book 2015-04-07Central Library, BUET660_299400000000000_WAL_19597 2015-04-07
   660.2994/WAL/1959Reading section2015-06-18Central Library, BUET29881Reading Item 2015-06-18Central Library, BUET660_299400000000000_WAL_19598 2015-06-18
   660.2994/WAL/1959Reading section2015-06-18Central Library, BUET29879Reading Item 2015-06-18Central Library, BUET660_299400000000000_WAL_19599 2015-06-18
   660.2994/WAL/1959Reading section2015-06-18Central Library, BUET7899Reading Item 2015-06-18Central Library, BUET660_299400000000000_WAL_195910 2015-06-18
   660.2994/WAL/1959Reading section2015-06-18Central Library, BUET7900Reading Item 2015-06-18Central Library, BUET660_299400000000000_WAL_195911 2015-06-18
   660.2994/WAL/1959Reading section2015-06-28Central Library, BUET29880Reading Item 2015-06-28Central Library, BUET660_299400000000000_WAL_195912 2015-06-28
   660.2994/WAL/1959Reading section2015-06-28Central Library, BUET29876Reading Item 2015-06-28Central Library, BUET660_299400000000000_WAL_195913 2015-06-28